000 01034nam a22003257a 4500
003 CHAP
005 20220329141139.0
008 971010s1978 r 00010 d
010 _a63406
011 _a64378
035 _a69688
040 _cCHAP
090 _aFolleto 2197y v.18
110 2 _aNational Council of Teachers of Mathematics. Washington
_980334
245 1 _aSimetría, congruencia y semejanza
260 _aMéxico, D.F. :
_bTrillas,
_c1978
300 _a62 p
490 _aTemas de matemáticas
_v; 18
590 _aBATCH-UPD
_b10
_c20130109
_lUCH01
_h2315
590 _aBATCH-UPD
_b10
_c20130110
_lUCH01
_h2307
590 _aBATCH-UPD
_b10
_c20130409
_lUCH01
_h1836
590 _aBATCH-UPD
_b10
_c20130410
_lUCH01
_h1558
590 _aBATCH-UPD
_b10
_c20130914
_lUCH01
_h2024
590 _aCONVERSION
_b10
_c20130109
_lUCH01
_h1334
650 1 4 _aSimetría.
_9106156
830 0 _aTemas de matemáticas
_v; 18
_9112148
901 _aBK
942 _cFOLL
949 _aFolleto 2197y v.18
_bBC
_cFOLL
_d-148359
_eTS1
_i69688
_si
999 _c63406
_d63406